000
00323nam a2200133Ia 4500
005
20260328104321.0
008
260328s9999||||xx |||||||||||||| ||und||
100
_a
Izumi, Shinya
245
0
_a
Package Design In Japan /
_c
Shinya Izumi
260
_b
Taschen
300
_a
199 p.
650
_a
DISEÑO GRÁFICO
942
_c
BK
999
_c
11354
_d
11354